Tôi là người may mắn : Nhật ký /

Guardat en:
Dades bibliogràfiques
Autor principal: Vũ Hồng Nhật.
Altres autors: Đặng Vương Hưng (biên soạn và giới thiệu.)
Format: Sách giấy
Idioma:Vietnamese
Publicat: H. : Công an Nhân dân, 2006.
Col·lecció:Tủ sách Mãi mãi tuổi hai mươi.
Matèries:
Etiquetes: Afegir etiqueta
Sense etiquetes, Sigues el primer a etiquetar aquest registre!
Thư viện lưu trữ: Thư viện Trường Đại học Đà Lạt
LEADER 00881nam a2200313 4500
001 DLU080061754
005 ##20080107
040 # # |a DLU  |b vie 
041 # # |a vie 
044 # # |a vn 
082 # # |a 895.922 803  |b VU-N 
100 # # |a Vũ Hồng Nhật. 
245 # # |a Tôi là người may mắn :  |b Nhật ký /  |c Vũ Hồng Nhật; Đặng Vương Hưng biên soạn và giới thiệu. 
260 # # |a H. :  |b Công an Nhân dân,  |c 2006. 
300 # # |a 398 tr. ;  |c 21 cm. 
490 # # |a Tủ sách Mãi mãi tuổi hai mươi. 
653 # # |a Chiến tranh Việt Nam 
653 # # |a Nhật ký 
700 # # |a Đặng Vương Hưng,  |e biên soạn và giới thiệu. 
923 # # |a 24/2007 
992 # # |a 50000 
994 # # |a DLU 
900 # # |a True 
911 # # |a Nguyễn Thanh Hương 
925 # # |a G 
926 # # |a A 
927 # # |a SH 
980 # # |a Thư viện Trường Đại học Đà Lạt